[Event "GER HS-217 email"]
[Site "GER email"]
[Date "2016.12.16"]
[Round "?"]
[White "Dahm, Winfried Karl"]
[Black "Wenzel, Andreas"]
[Result "1/2-1/2"]
[WhiteElo "1841"]
[BlackElo "1933"]
[PlyCount "64"]
[EventDate "2016.12.21"]
[EventType "tourn (corr)"]
[EventRounds "6"]
[EventCountry "GER"]
[SourceTitle "Corr 2020"]
[Source "ChessBase"]
[SourceDate "2019.09.30"]
[SourceVersion "1"]
[SourceVersionDate "2019.09.30"]
[SourceQuality "1"]

1. d4 Nf6 2. c4 e6 3. Nf3 b6 4. g3 Ba6 5. b3 d5 6. Bg2 Bb4+ 7. Bd2 Bd6 8. cxd5 exd5 9. Nc3 0-0 10. 0-0 Re8 11. Re1 Nbd7 12. Nh4 Bb7 13. Nf5 Bb4 14. Nb5 Bxd2 15. Qxd2 Nf8 16. Rac1 Ne6 17. Red1 Qd7 18. Nc3 g6 19. Nh4 Rad8 20. Nf3 c5 21. e3 Qe7 22. Qb2 Ne4 23. dxc5 Nxc3 24. Qxc3 bxc5 25. Re1 d4 26. exd4 Bxf3 27. Bxf3 cxd4 28. Qd3 Qa3 29. Qd2 d3 30. Rc4 Re7 31. Kg2 Red7 32. Be4 Qd6 1/2-1/2

[Event "GER HS-217 email"]
[Site "GER email"]
[Date "2016.12.16"]
[Round "?"]
[White "Wenzel, Andreas"]
[Black "Tacke, Hubert"]
[Result "1/2-1/2"]
[WhiteElo "1933"]
[BlackElo "1911"]
[PlyCount "47"]
[EventDate "2016.12.21"]
[EventType "tourn (corr)"]
[EventRounds "6"]
[EventCountry "GER"]
[SourceTitle "Corr 2020"]
[Source "ChessBase"]
[SourceDate "2019.09.30"]
[SourceVersion "1"]
[SourceVersionDate "2019.09.30"]
[SourceQuality "1"]

1. d4 Nf6 2. c4 e6 3. g3 Be7 4. Nf3 d5 5. Bg2 0-0 6. Qc2 c5 7. 0-0 Nc6 8. dxc5 d4 9. Bg5 Nd7 10. Bxe7 Qxe7 11. b4 Nxb4 12. Qb2 Nc6 13. Nxd4 Nxd4 14. Qxd4 Nxc5 15. Nc3 Rd8 16. Qe3 Rb8 17. a4 b6 18. a5 Ba6 19. axb6 axb6 20. Nd5 Qd6 21. Nb4 Bb7 22. Rfb1 g6 23. Bxb7 Rxb7 24. Na6 1/2-1/2

[Event "GER OS-294 email"]
[Site "GER email"]
[Date "2016.05.09"]
[Round "?"]
[White "Horst, Lothar"]
[Black "Wenzel, Andreas"]
[Result "0-1"]
[WhiteElo "1654"]
[BlackElo "1854"]
[PlyCount "102"]
[EventDate "2016.05.16"]
[EventType "tourn (corr)"]
[EventRounds "6"]
[EventCountry "GER"]
[SourceTitle "Corr 2020"]
[Source "ChessBase"]
[SourceDate "2019.09.30"]
[SourceVersion "1"]
[SourceVersionDate "2019.09.30"]
[SourceQuality "1"]

1. d4 Nf6 2. Nf3 c5 3. d5 g6 4. Nc3 Bg7 5. e4 d6 6. Bb5+ Bd7 7. a4 Bxb5 8. axb5 Nbd7 9. 0-0 0-0 10. Qe2 Nb6 11. Rd1 Ne8 12. Na4 a6 13. Nxb6 Qxb6 14. c4 Nc7 15. bxa6 Rxa6 16. Rxa6 Qxa6 17. e5 dxe5 18. Nxe5 Rd8 19. Qe4 Ne8 20. b3 Nd6 21. Qe2 Qb6 22. Rd3 Ra8 23. Bf4 g5 24. Bg3 f5 25. f3 f4 26. Be1 Nf5 27. Ng4 Bd4+ 28. Bf2 h5 29. Bxd4 cxd4 30. Qe5 Ra1+ 31. Kf2 Ng7 32. d6 Ra2+ 33. Kg1 hxg4 34. d7 Qd8 35. Qxd4 gxf3 36. Qd5+ e6 37. Qxf3 Ra1+ 38. Kf2 Qb6+ 39. Ke2 Ra8 40. g3 Qc7 41. Qg4 Rd8 42. Qxg5 fxg3 43. Qxg3 Rxd7 44. Qxc7 Rxc7 45. Kf3 Kf7 46. Ke4 Kf6 47. Rd8 Rf7 48. c5 Nf5 49. Rh8 e5 50. Rh5 Ke6 51. Rg5 Rg7 0-1

[Event "Berlin Spring op-A"]
[Site "Berlin"]
[Date "2014.05.03"]
[Round "5"]
[White "Mayer, Herbert"]
[Black "Wenzel, Andreas"]
[Result "1/2-1/2"]
[WhiteElo "1981"]
[BlackElo "2003"]
[PlyCount "58"]
[EventDate "2014.05.01"]
[EventType "swiss"]
[EventRounds "7"]
[EventCountry "GER"]
[SourceTitle "CBM 160 Extra"]
[Source "ChessBase"]
[SourceDate "2014.07.01"]
[SourceVersion "1"]
[SourceVersionDate "2014.07.01"]
[SourceQuality "1"]

1. f4 d5 2. Nf3 Nf6 3. b3 e6 4. Bb2 Nbd7 5. e3 Bd6 6. Be2 c6 7. 0-0 Qc7 8. d4 Ne4 9. Nbd2 Ndf6 10. Ne5 Bd7 11. c4 Nxd2 12. Qxd2 Ne4 13. Qd3 f5 14. Rac1 b6 15. Bf3 0-0 16. Qe2 Bxe5 17. dxe5 Qb7 18. Rfd1 Rfd8 19. g4 g6 20. Qg2 Kh8 21. Kh1 Be8 22. Rg1 Qf7 23. gxf5 gxf5 24. cxd5 cxd5 25. Bh5 Nf2+ 26. Qxf2 Qxh5 27. Rg5 Qf7 28. Rcg1 Bc6 29. Bd4 Rg8 1/2-1/2

[Event "Berlin Spring op-A"]
[Site "Berlin"]
[Date "2014.05.02"]
[Round "3"]
[White "Klaus, Johannes"]
[Black "Wenzel, Andreas"]
[Result "1-0"]
[WhiteElo "1947"]
[BlackElo "2003"]
[PlyCount "57"]
[EventDate "2014.05.01"]
[EventType "swiss"]
[EventRounds "7"]
[EventCountry "GER"]
[SourceTitle "CBM 160 Extra"]
[Source "ChessBase"]
[SourceDate "2014.07.01"]
[SourceVersion "1"]
[SourceVersionDate "2014.07.01"]
[SourceQuality "1"]

1. d4 Nf6 2. Nf3 g6 3. g3 Bg7 4. Bg2 0-0 5. 0-0 d6 6. Nbd2 c5 7. c3 Nc6 8. h3 Qc7 9. dxc5 dxc5 10. e4 b6 11. Re1 e6 12. Qc2 Ba6 13. Bf1 Bxf1 14. Nxf1 Rad8 15. Bf4 e5 16. Bg5 Qd7 17. Kg2 Qe6 18. Ne3 Ne7 19. Bxf6 Bxf6 20. Qa4 Bg7 21. Rad1 f5 22. Ng5 Qf6 23. Qb3+ Nd5 24. Rxd5 Rxd5 25. Qxd5+ Kh8 26. Ne6 Re8 27. Nxg7 Kxg7 28. exf5 Rf8 29. Ng4 1-0

[Event "Berlin Kreuzberg op 11th"]
[Site "Berlin"]
[Date "2010.07.15"]
[Round "5"]
[White "Niehaus, Frank"]
[Black "Wenzel, Andreas"]
[Result "1-0"]
[WhiteElo "2201"]
[BlackElo "2027"]
[PlyCount "79"]
[EventDate "2010.06.26"]
[EventType "swiss"]
[EventRounds "9"]
[EventCountry "GER"]
[SourceTitle "EXT 2012"]
[Source "ChessBase"]
[SourceDate "2011.11.24"]
[SourceVersion "1"]
[SourceVersionDate "2011.11.24"]
[SourceQuality "1"]

1. e4 c5 2. Nf3 d6 3. d4 cxd4 4. Nxd4 Nf6 5. Nc3 a6 6. Bg5 e6 7. f4 h6 8. Bh4 Be7 9. Qf3 Nbd7 10. 0-0-0 Rb8 11. Bd3 g5 12. fxg5 Ne5 13. gxf6 Nxf3 14. fxe7 Qc7 15. Nxf3 b5 16. Rd2 b4 17. Ne2 b3 18. a3 bxc2 19. Rxc2 Qb6 20. Kb1 Bd7 21. Nc3 Rg8 22. h3 Qa5 23. Ka1 Bc6 24. Rd1 Kd7 25. Bf1 Rb6 26. Nd2 Qh5 27. Nc4 Rb3 28. Rxd6+ Kc7 29. Bf2 Rgb8 30. Ka2 Qg5 31. Rxc6+ Kxc6 32. e8Q+ Rxe8 33. Kxb3 Rb8+ 34. Ka2 f5 35. Ne5+ Kb7 36. Nd7 Re8 37. Nc5+ Kc6 38. Bxa6 Re7 39. Nd3 Rg7 40. Nd5+ 1-0

[Event "Werther Schloss op-A 15th"]
[Site "Werther"]
[Date "2009.04.04"]
[Round "5"]
[White "Wenzel, Andreas"]
[Black "Gudath, Reiner"]
[Result "1-0"]
[WhiteElo "2062"]
[BlackElo "2060"]
[PlyCount "77"]
[EventDate "2009.04.02"]
[EventType "swiss"]
[EventRounds "7"]
[EventCountry "GER"]
[SourceTitle "CBM 131 Extra"]
[Source "ChessBase"]
[SourceDate "2009.09.03"]
[SourceVersion "2"]
[SourceVersionDate "2009.09.16"]
[SourceQuality "1"]

1. d4 Nf6 2. c4 e6 3. g3 Bb4+ 4. Bd2 Qe7 5. Bg2 Bxd2+ 6. Qxd2 d6 7. Nc3 Nbd7 8. Nf3 0-0 9. 0-0 c6 10. e3 e5 11. Qc2 Nb6 12. b3 Bg4 13. h3 Bxf3 14. Bxf3 Rfe8 15. a4 a5 16. Qd2 e4 17. Bg2 Nbd7 18. Ne2 c5 19. Rfd1 h6 20. Nc3 Nb8 21. dxc5 dxc5 22. Nd5 Nxd5 23. cxd5 Qd6 24. Qc2 f5 25. Rac1 Nd7 26. Bf1 Rec8 27. Be2 Nf6 28. Bc4 Rc7 29. Rd2 Rd8 30. Qc3 b6 31. Rcd1 Re7 32. Bb5 Kh7 33. Bc6 Nd7 34. Bxd7 Rexd7 35. Qc4 Qe5 36. Kg2 Rd6 37. f4 Qf6 38. Kh2 Re8 39. Rg2 1-0

[Event "Werther Schloss op-A 15th"]
[Site "Werther"]
[Date "2009.04.02"]
[Round "1"]
[White "Ringoir, Tanguy"]
[Black "Wenzel, Andreas"]
[Result "1-0"]
[WhiteElo "2366"]
[BlackElo "2062"]
[PlyCount "27"]
[EventDate "2009.04.02"]
[EventType "swiss"]
[EventRounds "7"]
[EventCountry "GER"]
[SourceTitle "CBM 131 Extra"]
[Source "ChessBase"]
[SourceDate "2009.09.03"]
[SourceVersion "2"]
[SourceVersionDate "2009.09.16"]
[SourceQuality "1"]

1. e4 c5 2. Nc3 Nc6 3. f4 e6 4. Nf3 Nge7 5. g3 Nd4 6. Bg2 Nec6 7. d3 d5 8. exd5 exd5 9. Nxd4 Nxd4 10. Nxd5 Bg4 11. Qxg4 Nxc2+ 12. Kd2 Nxa1 13. Re1+ Be7 14. Qxg7 1-0